| 000 | 00965nam a2200301 a 4500 | ||
|---|---|---|---|
| 001 | 000107856 | ||
| 003 | CHAP | ||
| 005 | 20220329143946.0 | ||
| 008 | 131112s2011 mx a |r| |||||||spa d | ||
| 010 | _a104318 | ||
| 011 | _a105290 | ||
| 020 | _a9786077761266 | ||
| 040 | _cCHAP | ||
| 082 | 0 | 4 |
_a339.460972 _bB21 |
| 100 | 1 |
_aBanegas González, Israel _9124590 |
|
| 245 | 1 | 3 |
_aLa ilusión tecnocrática en la política social : _bprogresa-oportunidades / _cpor Israel Banegas González. |
| 260 |
_aZinacantepec, Edo. de Méx. : _bEl Colegio Mexiquense, _c2011. |
||
| 300 |
_a229 p. : _bgráfs., diags., cuadros. |
||
| 590 |
_aE11695DGD _b10 _c20170308 _lUCH01 _h1047 |
||
| 590 |
_aE6096MTM _b05 _c20131112 _lUCH01 _h1226 |
||
| 650 | 1 | 4 |
_aDesarrollo social _zMéxico. _932080 |
| 650 | 1 | 4 |
_aMéxico _xAspectos económicos. _976643 |
| 650 | 1 | 4 |
_aMéxico _xCondiciones sociales. _976730 |
| 650 | 1 | 4 |
_aPobreza. _989463 |
| 901 | _aBK | ||
| 942 | _cLIBRO | ||
| 942 | _n0 | ||
| 999 |
_c104318 _d104318 |
||